000 00411pab a2200169 454500
008 180718b2014 xxu||||| |||| 00| 0 eng d
100 _aPrashad, Vijay
245 _aIndia and the Israeli war on Palestine
260 _c2014
300 _ap.28-29.
362 _a19 Jul
650 _aWar
650 _aInternational relations
773 _aEconomic and Political Weekly
908 _aN
909 _a104660
999 _c104656
_d104656